Statistics for Who Did That Album?

Click here to take the quiz!

General Stats

  • This quiz has been taken 41 times
  • The average score is 52 of 105

Answer Stats

HintAnswer% Correct
Thriller (1982)Michael Jackson
100%
Like A Virgin (1984)Madonna
97%
Abbey Road (1969)The Beatles
97%
Dark Side Of The Moon (1973)Pink Floyd
94%
Purple Rain (1984)Prince and the Revolution
94%
Hotel California (1976)The Eagles
94%
Goodbye Yellow Brick Road (1973)Elton John
91%
Imagine (1971)John Lennon
91%
Back In Black (1980)AC/DC
88%
Born To Run (1975)Bruce Springstein
88%
The Velvet Rope (1997)Janet Jackson
88%
Nevermind (1991)Nirvana
85%
The Joshua Tree (1987)U2
85%
Waterloo (1974)ABBA
82%
American Idiot (2004)Green Day
79%
Tommy (1969)The Who
79%
Rumours (1977)Fleetwood Mac
74%
Graceland (1986)Paul Simon
74%
ABC (1970)The Jackson 5
74%
Exile On Main Street (1972)The Rolling Stones
74%
21 (2011)Adele
71%
Paranoid (1970)Black Sabbath
71%
Born This Way (2011)Lady Gaga
71%
Physical Graffiti (1975)Led Zeppelin
71%
Californication (1999)Red Hot Chili Peppers
71%
London Calling (1979)The Clash
71%
Highway 61 Revisited (1965)Bob Dylan
68%
Appetite For Destruction (1987)Guns N' Roses
68%
At Folsom Prison (1968)Johnny Cash
68%
Bat Out Of Hell (1977)Meatloaf
68%
A Night At The Opera (1975)Queen
68%
Bridge Over Troubled Water (1970)Simon and Garfunkel
68%
Pet Sounds (1966)The Beach Boys
68%
L.A. Woman (1971)The Doors
68%
Synchronicity (1983)The Police
65%
Slippery When Wet (1986)Bon Jovi
62%
Straight Outta Compton (1988)N.W.A.
62%
Private Dancer (1984)Tina Turner
62%
Brothers In Arms (1985)Dire Straits
59%
Are You Experienced (1967)Jimi Hendrix
59%
What's Going On (1971)Marvin Gaye
59%
(What's the Story) Morning Glory (1995)Oasis
59%
Breakfast In America (1979)Supertramp
59%
Lady Soul (1968)Aretha Franklin
56%
Aqualung (1971)Jethro Tull
56%
OK Computer (1997)Radiohead
56%
Doggystyle (1993)Snoop Doggy Dog
56%
Tapestry (1971)Carole King
53%
Sweet Baby James (1970)James Taylor
53%
Songs In The Key Of Life (1976)Stevie Wonder
53%
After The Gold Rush (1970)Neil Young
50%
No Jacket Required (1985)Phil Collins
50%
Red (2012)Taylor Swift
50%
Back To Black (2006)Amy Winehouse
47%
The Stranger (1977)Billy Joel
47%
At Last (1961)Etta James
47%
Automatic For The People (1992)R.E.M.
44%
1984 (1984)Van Halen
44%
Lemonade (2016)Beyonce
41%
Coal Miner's Daughter (1971)Loretta Lynn
41%
Moving Pictures (1981)Rush
41%
Toys In The Attic (1975)Aerosmith
38%
Machine Head (1972)Deep Purple
38%
Ten (1991)Pearl Jam
38%
Mr. Tambourine Man (1965)The Byrds
38%
A Rush Of Blood To The Head (2002)Coldplay
35%
Where Did Our Love Go (1964)The Supremes
35%
Disraeli Gears (1967)Cream
32%
She's So Unusual (1983)Cyndi Lauper
32%
Q; Are We Not Men? A: We Are ____! (1978)Devo
32%
Every Picture Tells A Story (1971)Rod Stewart
32%
Beauty And The Beat (1981)The Go-Go's
32%
Cosmo's Factory (1970)Credence Clearwater Revival
29%
Pearl (1971)Janis Joplin
29%
Kind Of Blue (1959)Miles Davis
29%
Abraxas (1970)Santana
29%
Aja (1977)Steely Dan
29%
Don't Look Back (1978)Boston
26%
Tea For The Tillerman (1970)Cat Stevens
26%
Surrealistic Pillow (1967)Jefferson Airplane
26%
Astral Weeks (1968)Van Morrison
26%
Bad Girls (1975)Donna Summer
24%
All Things Must Pass (1970)George Harrison
24%
Escape (1981)Journey
24%
Hot August Night (1972)Neil Diamond
24%
Damn The Torpedoes (1979)Tom Petty and the Heartbreakers
24%
Eliminator (1983)ZZ Top
24%
My Aim Is True (1977)Elvis Costello
21%
Alive (1975)Kiss
21%
At Fillmore East (1971)The Allman Brothers
21%
Music From Big Pink (1968)The Band
21%
Eat To The Beat (1979)Blondie
18%
American Beauty (1970)Grateful Dead
18%
Red Headed Stranger (1975)Willie Nelson
18%
Close To The Edge (1972)Yes
18%
Brain Salad Surgery (1973)Emerson, Lake, & Palmer
15%
Blue (1971)Joni Mitchell
15%
Laundry Service (2001)Shakira
15%
Elephant (2003)The White Stripes
15%
Belladonna (1981)Stevie Nicks
12%
Superfly (1972)Curtis Mayfield
9%
Days Of Future Passed (1967)The Moody Blues
9%
Deja Vu (1970)Crosby, Stills, Nash, and Young
6%
Fruitcakes (1994)Jimmy Buffett
6%
Sigh No More (2009)Mumford & Sons
6%

Score Distribution

Percentile by Number Answered

Percent of People with Each Score

Your Score History

You have not taken this quiz